000 00345nam a2200145Ia 4500
003 OSt
005 20240109101859.0
008 170524s9999 xx 000 0 und d
020 _a9788179651520
040 _cIIMT UNIVERSITY
100 _aPANT- NC
245 0 _aMUDRAN KALA AVAM PRESS KANOON
260 _bN DELHI TAKSHSHILA
942 _2ddc
_c01
999 _c9283
_d9283